| 000 | 00790nam a22002417a 4500 | ||
|---|---|---|---|
| 005 | 20160105094626.0 | ||
| 008 | 110106s2012 nyua 001 0 eng | ||
| 010 | _a 2010053791 | ||
| 020 | _a9780078025648 | ||
| 020 | _a0078025648 | ||
| 041 | 0 | _aeng | |
| 080 | _a657 | ||
| 100 | 1 | _aBaker, Richard E. | |
| 245 | 1 | 0 |
_aEssentials of advanced financial accounting / _cRichard E. Baker, Theodore E. Christensen, David M. Cottrell ; with contributions from Valdean C. Lembke, Thomas E. King, Cynthia G. Jeffrey. |
| 260 |
_aNew York, NY : _bMcGraw-Hill/Irwin, _c2012. |
||
| 300 |
_a746 f. : _bme il.; _c29 cm. |
||
| 505 | _aIndex: f. 727 - 746 | ||
| 650 | 0 | _aKontabiliteti | |
| 650 | 0 | _aFinanciar | |
| 700 | 1 | _aChristensen, Theodore E. | |
| 700 | 1 | _aCottrell, David M. | |
| 942 |
_2udc _cBK |
||
| 999 |
_c794 _d794 |
||